| 000 | 00852cam a22002415a 4500 | ||
|---|---|---|---|
| 001 | L158500 | ||
| 008 | 150327s2014 xxk f 000 0 eng d | ||
| 020 | _a9780948903519 | ||
| 035 | _a(Sirsi) u158500 | ||
| 041 | 0 | _aeng | |
| 050 | 0 | 4 | _a630.026 |
| 100 | 1 | _aBarr, William | |
| 245 | 0 | 0 | _aFarm Tenancies |
| 250 | _a3rd ed | ||
| 260 |
_aBungay _bMorrow & Co. _c2014 |
||
| 300 | _a470p, 23cm | ||
| 520 | _aGuide to the law of agricultural tenancies including the occpancy of cottages. This 3rd edition is updated to 1st June 2013 and seeks to place the complex rules of farm tenancies in the context of the many practical dilemmas facing a landowner wondering how to use available rights to their advantage. | ||
| 651 | 4 | _aENGLAND AND WALES | |
| 690 |
_aRural _96268 |
||
| 700 | 1 | _aFalkner, James | |
| 700 | 1 | _aSlatter, Michele | |
| 942 | _n0 | ||
| 999 |
_c115347 _d115347 |
||